000 00288 a2200121 4500
001 146959
040 _cEscola São Tomás de Aquino
100 _aMACHADO, Ana Maria
240 1 0 _aEsta casa é minha!
_lpor
245 1 0 _aEsta casa é minha!
697 _a*LITERATURA INFANTO
942 _cBK
999 _c146959
_d146959